Normal view
MARC view
- تاليف جابر صالح،عادل؛م.مشارك نايف أحمد سليمان
Entry Personal Name
001 - CONTROL NUMBER
- control field: 7462
003 - CONTROL NUMBER IDENTIFIER
- control field: JO-AjAnu
005 - DATE AND TIME OF LATEST TRANSACTION
- control field: 20230606071515.0
008 - FIXED-LENGTH DATA ELEMENTS
- fixed length control field: 230606|| aca||aabn | a|a d
040 ## - CATALOGING SOURCE
- Original cataloging agency: JO-AjAnu
- Transcribing agency: JO-AjAnu
100 ## - HEADING--PERSONAL NAME
- Personal name: تاليف جابر صالح،عادل؛م.مشارك نايف أحمد سليمان
670 ## - SOURCE DATA FOUND
- Source citation: Work cat.: (JO-AjAnu)3859: تاليف جابر صالح،عادل؛م.مشارك نايف أحمد سليمان , author, المؤتلف:محاضرات في مهارات اللغة العربية(مستوى لغة عربية 100)